00668 2200229 4500001002100000005001700021008004100038020001800079035002400097082001200121090001900133100002300152245010000175250001000275260003300285300001900318650002000337700002700357990001800384990001800402990001800420YOGYA-0311000000036220110322142432.0 ind  a979-963-545-4 0010-031100000000362 a297.382 a297.382bMuh B aMUHYIDIN, Muhammad aBertahajjudlah niscaya engkau akan muliacMuhammad Muhyidin ; penyunting, Akhmad Muhaimin Azzet aCet.4 aJogjakartabDiva Pressc2010 a230 hlmc20 cm aShalat tahajjud aAzzet, Akhmad Muhaimin a49869-PD/B.10 a49870-PD/B.10 a49871-PD/B.10